| 000 | 02282cam a2200409 a 4500 | ||
|---|---|---|---|
| 001 | 15179178 | ||
| 003 | OSt | ||
| 005 | 20230606105428.0 | ||
| 008 | 080213s2009 enka b 001 0 eng | ||
| 010 | _a 2008006790 | ||
| 015 |
_aGBA874343 _2bnb |
||
| 016 | 7 |
_a014634385 _2Uk |
|
| 020 | _a0415458293 (pbk.) | ||
| 020 | _a9780415458290 (pbk.) | ||
| 020 | _a9781845680664 (hbk.) | ||
| 020 | _a1845680669 (hbk.) | ||
| 035 | _a(OCoLC)ocn192109772 | ||
| 035 | _a(OCoLC)192109772 | ||
| 040 |
_aDLC _cDLC _dYDX _dBAKER _dYDXCP _dUKM _dBTCTA _dRCJ _dDLC |
||
| 043 | _ae-uk--- | ||
| 050 | 0 | 0 |
_aKD3989 _b.B374 2009 |
| 082 | 0 | 0 |
_a342.41 _bBAR |
| 100 | 1 | _aBarnett, Hilaire. | |
| 245 | 1 | 0 |
_aConstitutional & administrative law / _cHilaire Barnett. |
| 246 | 1 | 4 | _aConstitutional and administrative law |
| 250 | _a7th ed. | ||
| 260 |
_aLondon ; _aNew York : _bRoutledge-Cavendish, _c2009. |
||
| 300 |
_alxxxi, 826 p. : _bill. ; _c25 cm. |
||
| 504 | _aIncludes bibliographical references (p. 795-809) and index. | ||
| 505 | 0 | _aIntroduction : the scope of constitutional law -- Sources of the constitution -- The rule of law -- The separation of powers -- The royal prerogative -- Parliamentary sovereignty -- Structures and institutions -- European Union law and national law -- Central government -- Responsible government -- Devolution and local government -- The electoral system -- Introduction to the House of Commons -- The legislative process -- Scrutiny of the executive -- The House of Lords -- Parliamentary privilege -- The protection of human rights -- Freedom from discrimination -- Freedom of expression and privacy -- Freedom of association and assembly -- The police and police powers -- Citizenship, immigration and asylum -- State security -- Judicial review : introduction, jurisdiction and procedure -- The grounds for judicial review -- Commissioners for administration : Ombudsmen. | |
| 650 | 0 |
_aConstitutional law _zGreat Britain. |
|
| 650 | 0 |
_aAdministrative law _zGreat Britain. |
|
| 856 | 4 | 1 |
_3Table of contents only _uhttp://www.loc.gov/catdir/toc/ecip0811/2008006790.html |
| 906 |
_a7 _bcbc _corignew _d1 _eecip _f20 _gy-gencatlg |
||
| 942 |
_2ddc _cBK |
||
| 999 |
_c572 _d572 |
||